000 00298nam a22001337a 4500
008 170407b xxu||||| |||| 00| 0 eng d
020 _a0721657036
041 _aeng
080 _a611.018
100 _a9
101 _aSHM
245 _aA BRIEF ATLAS OF HISTOLOGY
_cLEESON.TH.S
942 _2udc
_cBK
999 _c10054
_d10054